000 00787nam a2200241 a 4500
001 52807
003 BD-RjUL
005 20211209075849.0
008 160927s1968 bg ||||| |||| 00| f ben d
020 _c: Tk. 3.00
035 _a(BD-RjUL)52927
040 _aBD-RjUL
_bben
_cBD-RjUL
041 _aben
082 _223
_a891.443
_bUDM 1968
100 _aউদ্দিন, মোঃ আফছার
_9157915
245 1 0 _aমধুমতি
_cমোঃ আফছার উদ্দিন
250 _a১ম সং.
260 _aঢাকা :
_bআবদুল মান্নান,
_c১৯৬৮
300 _a[৮], ১১০ পৃ. ;
_c২০ সেমি.
650 _aবাংলা উপন্যাস
_9157916
650 _aBengali Fiction
_9157917
942 _2ddc
_cBK
999 _c52807
_d52807